Il Violino Nero

-д хадгалсан:
Номзүйн дэлгэрэнгүй
Үндсэн зохиолч: Maxence Fermine
Формат: Ном
Хэл сонгох:Тодорхойгүй
Хэвлэсэн: Bompiani
Шошгууд: Шошго нэмэх
Шошго байхгүй, Энэхүү баримтыг шошголох эхний хүн болох!

MARC

LEADER 00000nam a2200000Ia 4500
001 R-696
003 CODICE-MESSINA
005 20260212102456.0
008 260211s9999 xx 000 0 und d
040 |c importazione_messina 
100 |a Maxence Fermine 
245 0 |a Il Violino Nero 
260 |b Bompiani 
942 |2 ddc  |c BK 
952 |0 0  |1 0  |2 ddc  |4 0  |6 SCAFFALE_6_000000000000000__ROMANZI  |7 0  |9 31522  |a ME  |b ME  |d 2026-02-11  |l 0  |o SCAFFALE 6 - ROMANZI  |p R-696  |r 2026-02-11 23:52:36  |w 2026-02-11  |x [REVISIONARE]  |y BK 
999 |c 27187  |d 27187